Multiple Choice: Who Directed that Movie? #3 - Statistics

General Stats
  • This quiz has been taken 471 times
  • The average score is 7 of 10
Answer Stats
Question Answer % Correct
The Seven Samurai (1954) Akira Kurosawa
91%
Mulholland Drive (2001) David Lynch
87%
Dr. Strangelove (1964) Stanley Kubrick
87%
Léon: The Professional (1994) Luc Besson
81%
Spirited Away (2001) Hayao Miyazaki
74%
Breathless (1960) Jean-Luc Godard
72%
Mad Max: Fury Road (2015) George Miller
68%
Brazil (1985) Terry Gilliam
66%
Sunset Boulevard (1950) Billy Wilder
62%
Amour (2012) Michael Haneke
49%
No matching quizzes found
Score Distribution
Percent of People with Each Score
Percentile by Number Answered
Your Score History
You have not taken this quiz